00406nam a2200157 a 4500001000400000003000900004008004100013040002800054082001500082100001800097245004000115260003100155300001500186490001900201650002800220391CO-ViMGA141112s2004 ck r 000 u spa d aCO-ViMGAbspacCO-ViMGA04a813.5 R17d1 aRaskin, Ellen10aEl disfraz disfrazado y otros casos aBogotá : bNorma, c1991 a245 p : il aTorre de papel14aCUENTOS ESTADOUNIDENSES